[Event "Albena BUL, Team Ch 2011 GrA Men"]
[Site "Albena BUL"]
[Date "2011.06.08"]
[Round "7.3"]
[White "Rusev, Krasimir"]
[Black "Delchev, Aleksander"]
[Result "1/2-1/2"]
[WhiteElo "2530"]
[BlackElo "2619"]
[PlyCount "63"]
[EventDate "2011.06.02"]
[EventType "team"]
[EventRounds "7"]
[EventCountry "BUL"]

1. d4 d5 2. c4 c6 3. cxd5 cxd5 4. Nc3 Nf6 5. Bf4 Nc6 6. Nf3 Bf5 7. e3 e6 8. Bd3
Bxd3 9. Qxd3 Bd6 10. Bxd6 Qxd6 11. O-O O-O 12. Rac1 Rfc8 13. a3 a6 14. Na4 Nd7
15. Nc5 Rc7 16. Nxd7 Qxd7 17. Rc5 Rac8 18. Rfc1 b6 19. R5c3 Nb8 20. Ne5 Rxc3
21. Rxc3 Qb7 22. Qc2 Rxc3 23. Qxc3 f6 24. Nd3 Qc6 25. Qxc6 Nxc6 26. Kf1 Kf7 27.
Ke2 Ke7 28. h3 Kd6 29. f4 h5 30. Kd2 g6 31. g4 hxg4 32. hxg4 1/2-1/2

[Event "Albena BUL, Team Ch 2011 GrA Men"]
[Site "Albena BUL"]
[Date "2011.06.08"]
[Round "7.3"]
[White "Georgiev, Vladimir"]
[Black "Enchev, Ivajlo"]
[Result "1/2-1/2"]
[WhiteElo "2574"]
[BlackElo "2435"]
[PlyCount "61"]
[EventDate "2011.06.02"]
[EventType "team"]
[EventRounds "7"]
[EventCountry "BUL"]

1. d4 d5 2. c4 c6 3. Nc3 Nf6 4. Nf3 e6 5. Bg5 Be7 6. e3 Nbd7 7. Bd3 h6 8. Bh4
O-O 9. O-O dxc4 10. Bxc4 c5 11. dxc5 Nxc5 12. Qxd8 Rxd8 13. Rfd1 Bd7 14. Be2
Be8 15. Kf1 Rxd1+ 16. Rxd1 Rd8 17. Rxd8 Bxd8 18. Bb5 Kf8 19. Bxe8 Kxe8 20. Ke2
a6 21. Nd2 b5 22. Bg3 Kd7 23. b3 Bc7 24. Bxc7 Kxc7 25. f3 Kc6 26. e4 e5 27. b4
Ne6 28. Nb3 h5 29. g3 g5 30. Na5+ Kb6 31. Nb3 1/2-1/2

[Event "Albena BUL, Team Ch 2011 GrA Men"]
[Site "Albena BUL"]
[Date "2011.06.08"]
[Round "7.3"]
[White "Bojchev, Marian"]
[Black "Nevednichy, Vladislav"]
[Result "1/2-1/2"]
[WhiteElo "2392"]
[BlackElo "2542"]
[PlyCount "61"]
[EventDate "2011.06.02"]
[EventType "team"]
[EventRounds "7"]
[EventCountry "BUL"]

1. d4 d5 2. c4 c6 3. cxd5 cxd5 4. Nc3 Nc6 5. Bf4 Bf5 6. Nf3 e6 7. e3 Bd6 8.
Bxd6 Qxd6 9. Bd3 Bxd3 10. Qxd3 Nf6 11. O-O O-O 12. Rac1 Rfc8 13. a3 a6 14. Rc2
Ne7 15. Rfc1 Qd8 16. Na4 Rxc2 17. Rxc2 Rc8 18. Rxc8 Qxc8 19. Qc3 Qxc3 20. Nxc3
Nd7 21. Nd2 Kf8 22. Kf1 Nc6 23. Ke2 Ke7 24. Kd3 f5 25. h4 Kd6 26. Na4 b5 27.
Nc3 Nb6 28. b3 g6 29. g3 Nd7 30. f3 h6 31. Kc2 1/2-1/2

[Event "Albena BUL, Team Ch 2011 GrA Men"]
[Site "Albena BUL"]
[Date "2011.06.08"]
[Round "7.3"]
[White "Stefanov, Krasimir"]
[Black "Petrov, Marijan"]
[Result "1/2-1/2"]
[WhiteElo "2397"]
[BlackElo "2531"]
[PlyCount "61"]
[EventDate "2011.06.02"]
[EventType "team"]
[EventRounds "7"]
[EventCountry "BUL"]

1. e4 e5 2. Nf3 Nf6 3. Nxe5 d6 4. Nf3 Nxe4 5. Qe2 Qe7 6. Nc3 Nxc3 7. dxc3 Qxe2+
8. Bxe2 Be7 9. Be3 Nc6 10. Nd4 Nxd4 11. cxd4 O-O 12. O-O-O d5 13. Bf3 c6 14.
Bf4 Bf6 15. Rhe1 Bd7 16. c3 Rfe8 17. Rxe8+ Rxe8 18. Kd2 h6 19. Re1 Rxe1 20.
Kxe1 Kf8 21. Bd6+ Be7 22. Bxe7+ Kxe7 23. h4 g5 24. hxg5 hxg5 25. Kd2 Kd6 26.
Bh5 f6 27. Bg6 a5 28. Bc2 Be6 29. b4 b6 30. a3 Bc8 31. Bd3 1/2-1/2

[Event "Albena BUL, Team Ch 2011 GrA Men"]
[Site "Albena BUL"]
[Date "2011.06.08"]
[Round "7.3"]
[White "Velchev, Hristo"]
[Black "Dimov, Dian"]
[Result "1/2-1/2"]
[WhiteElo "2322"]
[BlackElo "2292"]
[PlyCount "61"]
[EventDate "2011.06.02"]
[EventType "team"]
[EventRounds "7"]
[EventCountry "BUL"]

1. e4 e5 2. Nf3 Nf6 3. Nxe5 d6 4. Nf3 Nxe4 5. Qe2 Qe7 6. d3 Nf6 7. Nc3 Qxe2+ 8.
Bxe2 Be7 9. Bg5 O-O 10. O-O-O h6 11. Bh4 Be6 12. Rhe1 Nbd7 13. d4 Rfe8 14. h3
c6 15. Bd3 Nb6 16. Re2 Nfd5 17. Nxd5 Nxd5 18. Bxe7 Rxe7 19. Ree1 Rae8 20. a3
Bd7 21. Rxe7 Rxe7 22. Re1 Rxe1+ 23. Nxe1 Kf8 24. Kd2 Ke7 25. h4 g5 26. hxg5
hxg5 27. g3 Bg4 28. Ng2 Bf3 29. Ne3 Nxe3 30. Kxe3 Bd5 31. Be4 1/2-1/2

[Event "Albena BUL, Team Ch 2011 GrA Men"]
[Site "Albena BUL"]
[Date "2011.06.08"]
[Round "7.4"]
[White "Mladenov, Plamen"]
[Black "Ninov, Nikolai"]
[Result "1/2-1/2"]
[WhiteElo "2376"]
[BlackElo "2513"]
[PlyCount "55"]
[EventDate "2011.06.02"]
[EventType "team"]
[EventRounds "7"]
[EventCountry "BUL"]

1. Nf3 Nf6 2. d4 e6 3. e3 b6 4. Bd3 Bb7 5. O-O Be7 6. b3 O-O 7. Bb2 d5 8. Ne5
Nbd7 9. Nxd7 Qxd7 10. Nd2 Ne4 11. Nxe4 dxe4 12. Be2 Rad8 13. c4 f5 14. f3 exf3
15. Bxf3 Bxf3 16. Qxf3 Bf6 17. h3 g6 18. Rae1 c5 19. Rd1 cxd4 20. Bxd4 Qe7 21.
Bxf6 Qxf6 22. Rxd8 Rxd8 23. Rd1 Rxd1+ 24. Qxd1 Qe5 25. Qd8+ Kf7 26. Qd7+ Kf6
27. Qd8+ Kf7 28. Qd7+ 1/2-1/2

[Event "Albena BUL, Team Ch 2011 GrA Men"]
[Site "Albena BUL"]
[Date "2011.06.08"]
[Round "7.4"]
[White "Georgiev, Krum"]
[Black "Genov, Petar"]
[Result "1/2-1/2"]
[WhiteElo "2423"]
[BlackElo "2444"]
[PlyCount "62"]
[EventDate "2011.06.02"]
[EventType "team"]
[EventRounds "7"]
[EventCountry "BUL"]

1. e4 e5 2. Nf3 Nc6 3. Bb5 a6 4. Ba4 Nf6 5. O-O Be7 6. Bxc6 dxc6 7. Qe1 c5 8.
d3 Nd7 9. Na3 O-O 10. Nc4 f6 11. b3 Nb8 12. Ne3 Nc6 13. Nd5 Be6 14. Nxe7+ Qxe7
15. Bb2 Rad8 16. h3 Nd4 17. Nxd4 cxd4 18. f4 exf4 19. Rxf4 c5 20. a4 b6 21. Qd2
Qd6 22. Raf1 Qc7 23. R4f2 b5 24. axb5 axb5 25. Ra1 f5 26. exf5 Rxf5 27. Rxf5
Bxf5 28. Qg5 Rf8 29. Rf1 h6 30. Qf4 Qxf4 31. Rxf4 Bg6 1/2-1/2

[Event "Albena BUL, Team Ch 2011 GrA Men"]
[Site "Albena BUL"]
[Date "2011.06.08"]
[Round "7.4"]
[White "Popchev, Milko"]
[Black "Lazarov, Rosen"]
[Result "1/2-1/2"]
[WhiteElo "2462"]
[BlackElo "2233"]
[PlyCount "94"]
[EventDate "2011.06.02"]
[EventType "team"]
[EventRounds "7"]
[EventCountry "BUL"]

1. g3 d6 2. d4 g6 3. Bg2 Bg7 4. Nc3 Nc6 5. d5 Nb8 6. e4 e5 7. dxe6 fxe6 8. Nge2
Nc6 9. h4 Nf6 10. Nf4 Bd7 11. h5 g5 12. h6 Bf8 13. Nd3 g4 14. e5 dxe5 15. Bg5
Be7 16. Bxf6 Bxf6 17. Qxg4 Qe7 18. Qh5+ Qf7 19. Ne4 Be7 20. Rd1 Qxh5 21. Rxh5
O-O-O 22. c3 Be8 23. Rh1 b6 24. Bh3 Bd7 25. Bg4 Rhg8 26. Bh5 Rdf8 27. Ke2 Bg5
28. Bf3 Be7 29. Bh5 Bg5 30. Nxg5 Rxg5 31. Bf3 Be8 32. Be4 Ne7 33. Rde1 Ng8 34.
f4 Rxg3 35. Nxe5 Nf6 36. Bf3 Nd7 37. Kf2 Nxe5 38. Kxg3 Nxf3 39. Rxe6 Nd2 40.
Re7 Bg6 41. Rhe1 Nc4 42. Kg4 Nd6 43. R7e5 Nf7 44. Re8+ Rxe8 45. Rxe8+ Kd7 46.
Re1 Nxh6+ 47. Kg5 Nf5 1/2-1/2

[Event "Albena BUL, Team Ch 2011 GrA Women"]
[Site "Albena BUL"]
[Date "2011.06.02"]
[Round "1.1"]
[White "Raeva, Elitsa"]
[Black "Georgieva, Marina"]
[Result "1-0"]
[WhiteElo "2322"]
[BlackElo "1741"]
[PlyCount "45"]
[EventDate "2011.06.02"]
[EventType "team"]
[EventRounds "7"]
[EventCountry "BUL"]

1. d4 Nf6 2. c4 e6 3. a3 d5 4. Nc3 Be7 5. Nf3 O-O 6. e3 c6 7. Bd3 dxc4 8. Bxc4
Nd5 9. e4 Nxc3 10. bxc3 Nd7 11. O-O Nf6 12. Bd3 c5 13. Qe2 Bd7 14. e5 Nd5 15.
c4 Nc7 16. d5 exd5 17. cxd5 Nxd5 18. Qe4 g6 19. Qxd5 Bc6 20. Qb3 a6 21. Bh6 Re8
22. Rad1 Qc7 23. Qxf7+ 1-0

[Event "Albena BUL, Team Ch 2011 GrA Women"]
[Site "Albena BUL"]
[Date "2011.06.02"]
[Round "1.1"]
[White "Ivanova, Simoneta"]
[Black "Djingarova, Emilia"]
[Result "1/2-1/2"]
[WhiteElo "1907"]
[BlackElo "2348"]
[PlyCount "70"]
[EventDate "2011.06.02"]
[EventType "team"]
[EventRounds "7"]
[EventCountry "BUL"]

1. d4 Nf6 2. c4 e6 3. Nc3 Bb4 4. e3 O-O 5. Bd3 d5 6. Nf3 dxc4 7. Bxc4 c5 8. O-O
Nc6 9. a3 cxd4 10. axb4 dxc3 11. bxc3 Qc7 12. Qb3 Rb8 13. Bb2 b5 14. Bd3 e5 15.
Qc2 Re8 16. Nd2 h6 17. Ne4 Nxe4 18. Bxe4 Bb7 19. Rfd1 Ne7 20. Ra5 Nc8 21. Bxb7
Rxb7 22. Rd5 Nd6 23. h3 Qc6 24. Rc5 Qd7 25. Ra6 Nc4 26. e4 Rd8 27. Rd5 Qc8 28.
Rc6 Qxc6 29. Rxd8+ Kh7 30. Rd5 Rd7 31. Bc1 Kg8 32. Qd3 Rxd5 33. exd5 Qd7 34.
Be3 a6 35. Bc5 g6 1/2-1/2

[Event "Albena BUL, Team Ch 2011 GrA Women"]
[Site "Albena BUL"]
[Date "2011.06.02"]
[Round "1.1"]
[White "Velcheva, Maria"]
[Black "Tsekova, Viktoria"]
[Result "1-0"]
[WhiteElo "2289"]
[BlackElo "1845"]
[PlyCount "69"]
[EventDate "2011.06.02"]
[EventType "team"]
[EventRounds "7"]
[EventCountry "BUL"]

1. e4 e5 2. Bc4 Nf6 3. d3 Nc6 4. Nc3 Bc5 5. f4 d6 6. Nf3 O-O 7. f5 h6 8. Na4
Bb6 9. Nxb6 axb6 10. Qe2 d5 11. exd5 Nxd5 12. O-O Nf6 13. c3 Bxf5 14. Nxe5 Nxe5
15. Qxe5 Ra5 16. Qg3 Kh7 17. b4 Rd5 18. Bxd5 Qxd5 19. d4 Ne4 20. Qxc7 Rc8 21.
Qe5 Be6 22. Qxd5 Bxd5 23. Bb2 Nxc3 24. Bxc3 Rxc3 25. Rfc1 Rxc1+ 26. Rxc1 Bxa2
27. Rc7 b5 28. Rxb7 Bc4 29. Kf2 Kg6 30. d5 Bxd5 31. Rxb5 Be6 32. Ke3 Bc4 33.
Rc5 Bf1 34. Kf2 Bd3 35. b5 1-0

[Event "Albena BUL, Team Ch 2011 GrA Women"]
[Site "Albena BUL"]
[Date "2011.06.02"]
[Round "1.1"]
[White "Kantardzhieva, Toni"]
[Black "Olarasu, Gabriela"]
[Result "0-1"]
[WhiteElo "1939"]
[BlackElo "2266"]
[PlyCount "82"]
[EventDate "2011.06.02"]
[EventType "team"]
[EventRounds "7"]
[EventCountry "BUL"]

1. d4 Nf6 2. Nf3 e6 3. e3 b6 4. Be2 Bb7 5. O-O Be7 6. b3 O-O 7. Bb2 c5 8. Nbd2
Nc6 9. Ne5 d5 10. f4 Nd7 11. Bd3 f5 12. g4 Ndxe5 13. dxe5 Nb4 14. Be2 a5 15. a3
Na6 16. gxf5 exf5 17. Bf3 Ra7 18. Qe2 Nc7 19. Rad1 Qe8 20. c4 b5 21. Rf2 dxc4
22. bxc4 Bxf3 23. Nxf3 b4 24. Rg2 Ne6 25. Kh1 Rd7 26. Rdg1 Rf7 27. Ng5 Bxg5 28.
fxg5 g6 29. h4 Qa8 30. Rf1 Qe4 31. h5 Rd3 32. Bc1 Rfd7 33. Kg1 Qxc4 34. hxg6
hxg6 35. axb4 cxb4 36. Bb2 Qe4 37. Qc2 Qxe3+ 38. Kh1 Qc5 39. Qa4 Rh7+ 40. Rh2
Qd5+ 41. Kg1 Rg3+ 0-1

[Event "Albena BUL, Team Ch 2011 GrA Women"]
[Site "Albena BUL"]
[Date "2011.06.02"]
[Round "1.2"]
[White "Videnova, Iva"]
[Black "Zaiatz, Elena"]
[Result "1-0"]
[WhiteElo "2345"]
[BlackElo "2430"]
[PlyCount "91"]
[EventDate "2011.06.02"]
[EventType "team"]
[EventRounds "7"]
[EventCountry "BUL"]

1. e4 e5 2. Nf3 Nc6 3. Bb5 a6 4. Ba4 Nf6 5. O-O Be7 6. Re1 b5 7. Bb3 d6 8. c3
O-O 9. h3 Na5 10. Bc2 d5 11. exd5 e4 12. Bxe4 Nxe4 13. Rxe4 Bb7 14. d3 Bxd5 15.
Re1 c5 16. Nbd2 Qc7 17. Nf1 Rad8 18. Ne3 Be6 19. Qe2 Rfe8 20. b3 Nc6 21. Bb2
Qf4 22. Rad1 Bd6 23. d4 cxd4 24. cxd4 Bb4 25. d5 Bxe1 26. Qxe1 Bxh3 27. dxc6
Bc8 28. Rxd8 Rxd8 29. Qc3 f6 30. Nd4 h5 31. Qc5 Qe4 32. c7 Rd7 33. Ndf5 Qe6 34.
Ba3 Qe5 35. Ne7+ Kf7 36. Qxe5 fxe5 37. Nxc8 Rxc7 38. Nd6+ Kg6 39. Ne4 a5 40.
Bc5 Kf7 41. Kh2 Rc6 42. a4 bxa4 43. bxa4 Ke6 44. Bf8 g6 45. Ba3 Rc8 46. Bb2 1-0

[Event "Albena BUL, Team Ch 2011 GrA Women"]
[Site "Albena BUL"]
[Date "2011.06.02"]
[Round "1.2"]
[White "Gocheva, Rumiana"]
[Black "Nikolova, Adriana"]
[Result "1-0"]
[WhiteElo "2141"]
[BlackElo "2333"]
[PlyCount "127"]
[EventDate "2011.06.02"]
[EventType "team"]
[EventRounds "7"]
[EventCountry "BUL"]

1. e4 c5 2. Nf3 d6 3. d4 cxd4 4. Nxd4 Nf6 5. Nc3 a6 6. g3 e5 7. Nb3 Be7 8. Bg2
O-O 9. O-O Nbd7 10. a4 b6 11. Re1 Bb7 12. Nd2 Nc5 13. Nf1 Qd7 14. Bg5 b5 15.
axb5 axb5 16. Rxa8 Rxa8 17. Bxf6 Bxf6 18. Ne3 Na4 19. Ncd5 Bd8 20. Nf5 g6 21.
b3 Bxd5 22. bxa4 Be6 23. axb5 Ra5 24. Ne3 Rxb5 25. Bf1 Rb4 26. Bd3 Kg7 27. Qe2
Bb6 28. Nc4 Bd4 29. Ne3 Qb7 30. Nd1 Ra4 31. Ne3 Qa8 32. Rd1 Bh3 33. Qe1 f5 34.
Nd5 Bg4 35. Rb1 Bf3 36. Nc7 Qc8 37. Nb5 Bc5 38. exf5 gxf5 39. Be2 Ba8 40. Qd2
f4 41. Nxd6 Qc6 42. Nf5+ Kf6 43. Qd8+ Kxf5 44. Bd3+ e4 45. Bb5 Bxf2+ 46. Kf1
Qc5 47. Bd7+ Ke5 48. Qe8+ Kd6 49. Qe6+ Kc7 50. Bxa4 Qd4 51. Qe7+ Kc8 52. Bb3
Bd5 53. Qf8+ Kd7 54. Bxd5 Qxd5 55. Qg7+ Kd6 56. Qf6+ Kd7 57. Kxf2 e3+ 58. Kg1
f3 59. Qg7+ Kc8 60. Qg4+ Kd8 61. Rb8+ Ke7 62. Qg7+ Ke6 63. Rb6+ Kf5 64. Qf6+
1-0

[Event "Albena BUL, Team Ch 2011 GrA Women"]
[Site "Albena BUL"]
[Date "2011.06.02"]
[Round "1.2"]
[White "Sirkova, Darena"]
[Black "Savova, Stefka"]
[Result "1-0"]
[WhiteElo "2054"]
[BlackElo "2091"]
[PlyCount "107"]
[EventDate "2011.06.02"]
[EventType "team"]
[EventRounds "7"]
[EventCountry "BUL"]

1. d4 Nf6 2. c4 d6 3. Nc3 e5 4. d5 Be7 5. e4 Nbd7 6. Bd3 a6 7. Nge2 Nf8 8. Ng3
g6 9. f3 h5 10. Be3 N8h7 11. Qd2 Nd7 12. Nge2 h4 13. O-O-O Bg5 14. f4 exf4 15.
Nxf4 Ne5 16. h3 Bd7 17. Nce2 c5 18. dxc6 bxc6 19. c5 Qe7 20. Qb4 d5 21. exd5
cxd5 22. Nxd5 Bxe3+ 23. Nxe3 O-O 24. Nc3 Nxd3+ 25. Rxd3 Bb5 26. Nxb5 axb5 27.
Kb1 Rfc8 28. Rc1 Nf6 29. Qxh4 Qe6 30. b3 Kg7 31. Rd6 Qxe3 32. Qxf6+ Kg8 33. Rd7
Rf8 34. Rc2 Qe1+ 35. Rc1 Qe3 36. Qd4 Qg5 37. Qd5 Qf4 38. Rd1 b4 39. c6 Qf2 40.
Qd2 Qf5+ 41. Qd3 Qf2 42. Qd2 Qf5+ 43. Ka1 Qf6+ 44. Rd4 Qxc6 45. Rxb4 Qf6+ 46.
Qb2 Qe7 47. Rbd4 Qg5 48. h4 Qe7 49. g3 Qe3 50. R4d3 Qe6 51. Rd5 Qg4 52. R1d3
Qe4 53. h5 gxh5 54. Rg5+ 1-0

[Event "Albena BUL, Team Ch 2011 GrA Women"]
[Site "Albena BUL"]
[Date "2011.06.02"]
[Round "1.2"]
[White "Galunova, Tsveta"]
[Black "Naydenova, Yordanka"]
[Result "1-0"]
[WhiteElo "1943"]
[BlackElo "1862"]
[PlyCount "129"]
[EventDate "2011.06.02"]
[EventType "team"]
[EventRounds "7"]
[EventCountry "BUL"]

1. e4 e5 2. Nf3 Nc6 3. Bc4 Bc5 4. O-O Nf6 5. d3 O-O 6. c3 d6 7. Nbd2 a6 8. Bb3
Ba7 9. Nc4 h6 10. h3 Be6 11. Re1 Re8 12. Be3 b5 13. Ncd2 d5 14. exd5 Bxd5 15.
Bxa7 Rxa7 16. a4 Bxb3 17. Nxb3 Qd5 18. d4 e4 19. Nfd2 Nd7 20. f3 f5 21. axb5
axb5 22. Rxa7 Nxa7 23. fxe4 fxe4 24. Qc2 e3 25. Nf1 Qg5 26. Qd3 Qd5 27. Nc1 Nb6
28. Rxe3 Rf8 29. Qe4 Qh5 30. Nd3 Nc4 31. Rf3 Rxf3 32. Qxf3 Qg6 33. Nc5 c6 34.
Qf4 Qe8 35. Qc7 Nc8 36. b3 N4d6 37. Qd7 Qxd7 38. Nxd7 Ne4 39. c4 bxc4 40. bxc4
Ncd6 41. Ne3 Nd2 42. Ne5 Kf8 43. c5 Nb5 44. Nxc6 Nb3 45. Nc2 Ke8 46. Kf2 Kd7
47. Ne5+ Ke6 48. Nf3 Kd5 49. Ke3 g5 50. Kd3 Nc1+ 51. Kd2 Nb3+ 52. Ke3 Nc3 53.
Nb4+ Kc4 54. Nc2 Kd5 55. Kd3 Na2 56. Ne3+ Kc6 57. Ne5+ Kc7 58. Kc4 Nd2+ 59. Kd3
Nb3 60. Nd5+ Kc8 61. Kc4 Nd2+ 62. Kb5 Ne4 63. Nf7 h5 64. Kb6 Nc1 65. c6 1-0

[Event "Albena BUL, Team Ch 2011 GrA Women"]
[Site "Albena BUL"]
[Date "2011.06.02"]
[Round "1.3"]
[White "Tsvetkova, Svetlana"]
[Black "Baninska, Tanja"]
[Result "0-1"]
[WhiteElo "1860"]
[BlackElo "2096"]
[PlyCount "97"]
[EventDate "2011.06.02"]
[EventType "team"]
[EventRounds "7"]
[EventCountry "BUL"]

1. e4 c5 2. Nf3 a6 3. d4 cxd4 4. Nxd4 e6 5. c4 Nf6 6. Nc3 Qc7 7. Be2 d6 8. Be3
b6 9. Rc1 Bb7 10. f3 Be7 11. O-O Nbd7 12. Qd2 Rc8 13. Rfd1 Qb8 14. Bf1 Ne5 15.
b3 O-O 16. Qf2 Rfd8 17. Na4 Ned7 18. Nc2 b5 19. Nb6 Nxb6 20. Bxb6 d5 21. exd5
bxc4 22. dxe6 Rxd1 23. exf7+ Kxf7 24. Rxd1 cxb3 25. axb3 Bd5 26. Kh1 Rxc2 27.
Qxc2 Qxb6 28. Bc4 Bxc4 29. Qxc4+ Kf8 30. Ra1 a5 31. Qc8+ Qd8 32. Qc4 Bb4 33.
Rc1 Qd5 34. Qc8+ Kf7 35. Qc7+ Kg6 36. Qc2+ Qf5 37. Qc4 h6 38. Rd1 Kh7 39. Kg1
Qc5+ 40. Qxc5 Bxc5+ 41. Kf1 Kg6 42. Ke2 Kf5 43. g3 Ke5 44. Rc1 Kd4 45. Rc4+ Kd5
46. Kd3 Nd7 47. f4 Nf6 48. Rc1 Ng4 49. Rc2 0-1

[Event "Albena BUL, Team Ch 2011 GrA Women"]
[Site "Albena BUL"]
[Date "2011.06.02"]
[Round "1.3"]
[White "Georgieva, Emilia"]
[Black "Petkova, Veneta"]
[Result "0-1"]
[WhiteElo "1966"]
[BlackElo "1985"]
[PlyCount "240"]
[EventDate "2011.06.02"]
[EventType "team"]
[EventRounds "7"]
[EventCountry "BUL"]

1. d4 Nf6 2. Nf3 g6 3. c3 Bg7 4. Bf4 O-O 5. e3 d6 6. h3 Nfd7 7. Nbd2 e5 8. Bg3
Qe8 9. Be2 e4 10. Nh2 f5 11. Qb3+ Kh8 12. Bf4 h6 13. h4 Nf6 14. Nhf1 a5 15. a4
Nc6 16. Ng3 Rb8 17. h5 g5 18. Bxg5 hxg5 19. h6 Bxh6 20. Rxh6+ Kg7 21. Rh1 Be6
22. Qb5 Qd7 23. Nh5+ Nxh5 24. Rxh5 Qe7 25. O-O-O Bf7 26. Rhh1 Bg6 27. Bh5 Qe8
28. Bxg6 Kxg6 29. Rh2 Rh8 30. Rdh1 Rxh2 31. Rxh2 b6 32. Qf1 Nd8 33. Qh1 Nf7 34.
Rh7 Qg8 35. Qh5+ Kf6 36. g4 Qg6 37. Qh1 d5 38. gxf5 Qxf5 39. Qh2 Rg8 40. Rh5
Qd7 41. b3 Qd6 42. Qh1 Kg6 43. Kb2 Qf6 44. Rh7 Qe6 45. c4 c6 46. Qh5+ Kf6 47.
Qh2 Kg6 48. Kc3 c5 49. cxd5 cxd4+ 50. exd4 Qxd5 51. Qh5+ Kf6 52. Nxe4+ Ke7 53.
Nd2 Rd8 54. Qg4 Qc6+ 55. Nc4 Qg6 56. Rh3 Qb1 57. Qe2+ Kf8 58. Nxb6 Qa1+ 59. Qb2
Qe1+ 60. Qd2 Qa1+ 61. Qb2 Qe1+ 62. Qd2 Qe6 63. Rd3 Qxb6 64. Kb2 Rd5 65. Qc3 Qd8
66. Rd2 Nd6 67. Qf3+ Rf5 68. Qe3 Qf6 69. Ka2 Qd8 70. Qh3 Qf6 71. Qe3 Rf3 72.
Qe2 Qf7 73. d5 g4 74. Qa6 Qc7 75. Qa8+ Kg7 76. Qc6 Rc3 77. Qxc7+ Rxc7 78. Rd4
Rc2+ 79. Ka3 Rxf2 80. Rxg4+ Kf6 81. Rd4 Ke5 82. Rd1 Rf3 83. Kb2 Rf4 84. Kc3 Rb4
85. Rh1 Ne4+ 86. Kc2 Nc5 87. Rh5+ Kd6 88. Rh8 Kxd5 89. Ra8 Nxb3 90. Kc3 Rb6 91.
Ra7 Kc6 92. Rg7 Nc5 93. Rg6+ Kb7 94. Rg4 Rb3+ 95. Kc2 Rb4 96. Rg7+ Kc6 97. Rg6+
Kd5 98. Rg5+ Kd4 99. Rg4+ Ne4 100. Rg8 Rxa4 101. Kb3 Nc5+ 102. Kb2 Rb4+ 103.
Ka2 Kc3 104. Rg3+ Nd3 105. Ka3 Rb1 106. Ka2 Rd1 107. Rh3 a4 108. Rg3 Kb4 109.
Rg4+ Kb5 110. Rg5+ Nc5 111. Rg4 Rc1 112. Rh4 Rc4 113. Rh3 Kb4 114. Rh2 a3 115.
Rg2 Na4 116. Rg1 Nc3+ 117. Ka1 Kb3 118. Rg4 Ne4 119. Rg1 Rc2 120. Re1 Nc3 0-1

[Event "Albena BUL, Team Ch 2011 GrA Women"]
[Site "Albena BUL"]
[Date "2011.06.02"]
[Round "1.4"]
[White "Draganova, Petranka"]
[Black "Voiska, Margarita"]
[Result "0-1"]
[WhiteElo "2007"]
[BlackElo "2300"]
[PlyCount "73"]
[EventDate "2011.06.02"]
[EventType "team"]
[EventRounds "7"]
[EventCountry "BUL"]

1. e4 c5 2. Nf3 Nc6 3. c3 d6 4. Be2 Nf6 5. d4 Qc7 6. O-O g6 7. Re1 Bg7 8. e5
dxe5 9. d5 e4 10. dxc6 exf3 11. cxb7 Bxb7 12. Bxf3 O-O 13. Bxb7 Qxb7 14. Qe2
Rad8 15. Na3 Nd5 16. Nc4 Qc7 17. Bg5 Rd7 18. Qf3 Rfd8 19. Bh4 Nb6 20. Bg3 Qc8
21. Na5 e6 22. Nc6 Rf8 23. Rad1 Nd5 24. Ne5 Rdd8 25. c4 Ne7 26. Rxd8 Qxd8 27.
Rd1 Qa5 28. h3 Nf5 29. Nd7 Rd8 30. Be5 Rxd7 31. Qa8+ Bf8 32. Rxd7 Qe1+ 33. Kh2
Qxe5+ 34. g3 Qxb2 35. Qf3 Qxa2 36. g4 Bd6+ 37. Kg2 0-1

[Event "Albena BUL, Team Ch 2011 GrA Women"]
[Site "Albena BUL"]
[Date "2011.06.02"]
[Round "1.4"]
[White "Krumova, Ani"]
[Black "Yordanova, Svetla"]
[Result "1/2-1/2"]
[WhiteElo "1961"]
[BlackElo "2137"]
[PlyCount "86"]
[EventDate "2011.06.02"]
[EventType "team"]
[EventRounds "7"]
[EventCountry "BUL"]

1. Nf3 Nf6 2. g3 g6 3. Bg2 Bg7 4. O-O O-O 5. d3 d5 6. Nbd2 c5 7. e4 e6 8. Re1
Nc6 9. Qe2 b6 10. Nf1 h6 11. h4 Bb7 12. e5 Nd7 13. Bf4 Qc7 14. N1h2 Ne7 15. Ng4
Nf5 16. Qd2 h5 17. Ne3 Nxe3 18. Qxe3 d4 19. Qe2 Rac8 20. Nd2 Bxg2 21. Kxg2 Qc6+
22. Qe4 b5 23. Qxc6 Rxc6 24. a4 b4 25. Nc4 Rb8 26. b3 Ra8 27. Ra2 Nb8 28. Bg5
Na6 29. Be7 Re8 30. Bg5 Nc7 31. Nd6 Ra8 32. Bf4 Nd5 33. Ne4 Kf8 34. Raa1 Kg8
35. Ra2 a6 36. Raa1 Ra7 37. Nd2 Kh7 38. Ne4 Kg8 39. Nd2 Nc3 40. Ne4 Nd5 41. Nd2
Kf8 42. Ne4 Kg8 43. Nd2 Nc3 1/2-1/2

[Event "Albena BUL, Team Ch 2011 GrA Women"]
[Site "Albena BUL"]
[Date "2011.06.02"]
[Round "1.4"]
[White "Genova, Ruzka"]
[Black "Todorova, Kalina"]
[Result "1/2-1/2"]
[WhiteElo "2204"]
[BlackElo "1815"]
[PlyCount "74"]
[EventDate "2011.06.02"]
[EventType "team"]
[EventRounds "7"]
[EventCountry "BUL"]

1. c4 e5 2. Nc3 d6 3. Nf3 Nc6 4. d4 exd4 5. Nxd4 Ne5 6. e4 g6 7. Be2 Bg7 8. Be3
Ne7 9. f4 N5c6 10. O-O f5 11. Qd2 O-O 12. Bf3 Nxd4 13. Bxd4 Bxd4+ 14. Qxd4 c6
15. Kh1 fxe4 16. Bxe4 Be6 17. Rad1 Nf5 18. Bxf5 Rxf5 19. g4 Rf7 20. f5 gxf5 21.
Rde1 Qf6 22. Qxf6 Rxf6 23. Ne4 Rh6 24. Nxd6 fxg4 25. Kg1 Rf8 26. Rxf8+ Kxf8 27.
Nxb7 Bxc4 28. b3 Bd5 29. Nc5 Rd6 30. Kf2 Kf7 31. Kg3 Bf3 32. h3 h5 33. hxg4
hxg4 34. Ne4 Bxe4 35. Rxe4 Rd2 36. Ra4 Rd7 37. Kxg4 Ke6 1/2-1/2

[Event "Albena BUL, Team Ch 2011 GrA Women"]
[Site "Albena BUL"]
[Date "2011.06.03"]
[Round "2.1"]
[White "Georgieva, Marina"]
[Black "Voiska, Margarita"]
[Result "0-1"]
[WhiteElo "1741"]
[BlackElo "2300"]
[PlyCount "62"]
[EventDate "2011.06.02"]
[EventType "team"]
[EventRounds "7"]
[EventCountry "BUL"]

1. d4 c5 2. Nf3 cxd4 3. Nxd4 Nf6 4. e3 e5 5. Nf3 Nc6 6. Be2 d5 7. O-O Bd6 8. b3
Qc7 9. h3 e4 10. Nd4 Nxd4 11. exd4 O-O 12. Nd2 Qc3 13. Rb1 Bxh3 14. Bb2 Qc8 15.
g3 e3 16. fxe3 Bxg3 17. Bf3 Bxf1 18. Nxf1 Qh3 19. Bg2 Qh4 20. Qf3 Bd6 21. c4
Ne4 22. cxd5 f5 23. Bc1 Rac8 24. Bd2 Rc2 25. Be1 Qg5 26. a4 Rf6 27. Rd1 Rg6 28.
Nd2 Qh6 29. Nxe4 fxe4 30. Qxe4 Rcxg2+ 31. Qxg2 Qh2+ 0-1

[Event "Albena BUL, Team Ch 2011 GrA Women"]
[Site "Albena BUL"]
[Date "2011.06.03"]
[Round "2.1"]
[White "Chilingirova, Pavlina"]
[Black "Ivanova, Simoneta"]
[Result "1-0"]
[WhiteElo "2126"]
[BlackElo "1907"]
[PlyCount "100"]
[EventDate "2011.06.02"]
[EventType "team"]
[EventRounds "7"]
[EventCountry "BUL"]

1. c4 e5 2. Nc3 Nc6 3. g3 f5 4. Bg2 Nf6 5. d3 Bb4 6. Bd2 O-O 7. a3 Bxc3 8. Bxc3
d6 9. e3 Qe8 10. Ne2 Bd7 11. b4 Kh8 12. b5 Nd8 13. Ba5 c6 14. a4 Qh5 15. Bb4
Nf7 16. Nc3 Qh6 17. Qd2 Rfe8 18. O-O Rac8 19. a5 f4 20. exf4 exf4 21. Ne4 Nxe4
22. Bxe4 Ng5 23. bxc6 Rxe4 24. f3 Nh3+ 25. Kh1 Re7 26. cxd7 Rxd7 27. Rae1 d5
28. cxd5 Rxd5 29. Re7 Rg5 30. Rfe1 Qc6 31. Qe2 h6 32. Kg2 fxg3 33. Re8+ Kh7 34.
Bd2 Rh5 35. Rxc8 Qxc8 36. Qe4+ Kg8 37. hxg3 Ng5 38. Qe8+ Qxe8 39. Rxe8+ Kf7 40.
Rb8 Ne6 41. Rxb7+ Kg6 42. Rxa7 Rd5 43. Rb7 Rxd3 44. Bb4 Rb3 45. a6 Rb2+ 46. Kf1
Ra2 47. a7 Nd4 48. Bc3 Ne6 49. g4 Kg5 50. Re7 Nf4 1-0